PRAVOSLÁVNE UČENIE O EUCHARISTII

Podrobná bibliografia
Hlavný autor: Kormaník, Peter (Autor)
Médium: Článok
Jazyk:slovenčina

MARC

LEADER 00000nab a2200000uu 4500
001 vtls011141200
003 SK-MaSNL
005 20260303151127.0
008 230222|2000 xo |||||||||||||||||slo|
015 |a SNBRB 
035 |a (urnnbn)urn:nbn:sk:snk:ar-008cam 
035 |a (uuid)bd5ef5f3-ba55-4034-8b42-2dfe80df7a2e 
035 |a urn:nbn:sk:snk-abasyp 
040 |a SNKBUCL  |b slo  |c SNKBUCL  |e AACR2 
041 0 |a slo 
044 |a xo  |c SK 
100 1 |a Kormaník, Peter  |4 aut  |9 274326 
245 1 0 |a PRAVOSLÁVNE UČENIE O EUCHARISTII  |c Peter Kormaník 
773 0 |t Pravoslávny teologický zborník  |g Č. 23 (2000), s. 18-41 
954 |a odborná, vedecká literatúra pôvodná (slovenská)  |2 lita 
958 |a OND 
958 |a EUIPO 
958 |a article14 
999 |c 2016156  |d 2018086